000 00918nam a2200277Ia 4500
001 Para_8010
003 CHAP
008 220125s1931 xx 000 0 und d
010 _a206939
040 _cCHAP
082 _aPA-C 595.75 H4
100 _aDoering Kathleen B
_9173342
245 _aSome biological notes on the cercopidae north of Mexico (homoptera) /
_c by Kathleen C. Doering
300 _a4 p.
440 _aHemiptera; 11
_9173293
500 _aSobretiro de: Journal Kansas Entomological Society 4 (2): 48-51, 1931. Encuadernado con otros impresos similares
650 _aHemípteros
_x colecciones de escritos / Cercopidae
_9173338
710 _aJournal Kansas Entomological Society 4 (2)
_9173343
901 _aPA-C 595.75 H4
902 _aA
905 _a0000001931 0000000000 00
910 _a1931
942 _cPARA
942 _cPARA
_d1
999 _c206939
_d206939